Central Library OPAC University of Rajshahi

Radio-electronics / (Record no. 55601)

MARC details
000 -LEADER
fixed length control field 00998nam a2200313 a 4500
001 - CONTROL NUMBER
control field 55601
003 - CONTROL NUMBER IDENTIFIER
rucl marc code BD-RjUL
005 - DATE AND TIME OF LATEST TRANSACTION
control field 20211209080304.0
008 - FIXED-LENGTH DATA ELEMENTS--GENERAL INFORMATION
fixed length control field 161120s1956 enkmr p s 0 a0eng c
035 ## - SYSTEM CONTROL NUMBER
System control number (BD-RjUL)55724
040 ## - CATALOGING SOURCE
Original cataloging agency NSD
Language of cataloging eng
Transcribing agency NSD
Modifying agency BD-RjUL
-- WaSeSS
041 ## - LANGUAGE CODE
Language code of text/sound track or separate title eng
082 04 - DEWEY DECIMAL CLASSIFICATION NUMBER
Classification number 621.384
Author mark and year SER 1956
Edition number 23
100 ## - MAIN ENTRY--PERSONAL NAME
Personal name Seely, Samuel
9 (RLIN) 165637
245 10 - TITLE STATEMENT
Title Radio-electronics /
Statement of responsibility, etc. Samuel Seely
246 3# - VARYING FORM OF TITLE
Title proper/short title Radio electronics
260 ## - PUBLICATION, DISTRIBUTION, ETC. (IMPRINT)
Place of publication, distribution, etc. New York :
Name of publisher, distributor, etc. Gernsback Publications;
-- McGraw-Hill Com.,
Date of publication, distribution, etc. c1956
300 ## - PHYSICAL DESCRIPTION
Pagination vii, 487 p. :
Illustrations ill. ;
Size 30 cm.
500 ## - GENERAL NOTE
General note Include index
506 ## - RESTRICTIONS ON ACCESS NOTE
Terms governing access Access limited to subscribers.
580 ## - LINKING ENTRY COMPLEXITY NOTE
Linking entry complexity note Tear out section ComputerDigest included in issues May 1984-
650 #0 - SUBJECT ADDED ENTRY--TOPICAL TERM
Topical term or geographic name as entry element Radio
9 (RLIN) 165638
Topical term or geographic name as entry element Electronics
9 (RLIN) 165639
Topical term or geographic name as entry element Electronics.
Source of heading or term fast
9 (RLIN) 165642
Topical term or geographic name as entry element Radio.
Source of heading or term fast
9 (RLIN) 165643
787 1# - OTHER RELATIONSHIP ENTRY
Title Radio-electronics annual
International Standard Serial Number 0743-443X
Record control number (DLC)sn 84008144
-- (OCoLC)10577650
942 ## - ADDED ENTRY ELEMENTS (KOHA)
Source of classification or shelving scheme Dewey Decimal Classification
Koha item type Books
Holdings
Lost status Source of classification or shelving scheme Damaged status Not for loan Collection code Permanent Location Current Location Shelving location Date acquired Source of acquisition Cost, normal purchase price Total Checkouts Full call number Date last seen Copy number Koha item type
  Dewey Decimal Classification     Non-fiction Central Library, University of Rajshahi Central Library, University of Rajshahi   30/11/1962 Zeitlinger 62.00   621.384 SER 1956 20/11/2016 C-2 Books
  Dewey Decimal Classification   Not For Loan Non-fiction Central Library, University of Rajshahi Central Library, University of Rajshahi Reading Room 02/01/1959 Magraw Hill Book Co. 6.75   621.384 SER 1956 02/04/2017 C-1 Books
  Dewey Decimal Classification     Non-fiction Central Library, University of Rajshahi Central Library, University of Rajshahi   19/07/1973 Eureka Book Agency 33.25   621.384 SER 1956 30/05/2017 C-3 Books
  Dewey Decimal Classification     Non-fiction Central Library, University of Rajshahi Central Library, University of Rajshahi   04/11/1965 Zeit 68.00   621.384 SER 1956 30/05/2017 C-4 Books
  Dewey Decimal Classification     Non-fiction Central Library, University of Rajshahi Central Library, University of Rajshahi   04/11/1965 Zeitlinger 68.00   621.384 SER 1956 23/02/2019 C-5 Books
  Dewey Decimal Classification     Non-fiction Central Library, University of Rajshahi Central Library, University of Rajshahi   30/03/1967 Dacca, Book Centre 17.50   621.384 SER 1956 23/02/2019 C-6 Books
  Dewey Decimal Classification     Non-fiction Central Library, University of Rajshahi Central Library, University of Rajshahi   30/11/1962 zeitlinger 62.00   621.384 SER 1956 03/03/2019 C-7 Books